000 00792nam2a22002291 4500
001 rc\1035991
005 20250621233833.0
035 _a(NLR Aleph) 005979415
090 _a7012750
_c7012750
100 _a20041129d1981 |||y0rusy50 ca
101 0 _arus
102 _aRU
105 _ay |||||||||
200 0 _a№ 1
210 _d1981
_aБ. м.
215 _a36 с.
461 0 _1001rc\1189443
_12001#$aИнформационный бюллетень$fСов. разд...$v№ 1
_96962614
_a"Электро-82", международная выставка (1982 ; Москва)
_cМ.
_d1981
_fСов. разд...
_nБ. и.
_tИнформационный бюллетень
_v№ 1
801 0 _aRU
_bNLR
_gpsbo
801 1 _aRU
_bELAR
_2rusmarc
852 _aNLR
_j82-6/2040
942 _cBOOK
980 _aNB